Con ojos de niño /
Guardado en:
| Autor Principal: | |
|---|---|
| Formato: | Libro |
| Publicado: |
Buenos Aires :
Red Editorial Iberoamericana (rei),
1994
|
| Edición: | 3a. ed. |
| Materias: | |
| Etiquetas: |
Agregar Etiqueta
Sin Etiquetas, Sea el primero en etiquetar este registro!
|
| LEADER | 00699nam a22001815a 4500 | ||
|---|---|---|---|
| 001 | CEM.cems008969 | ||
| 005 | 20090918094529.0 | ||
| 008 | 130507s1994##################000#0#####d | ||
| 003 | CEMS | ||
| 082 | 0 | 4 | |a 372.21 |
| 100 | 1 | |a Tonucci, Francesco | |
| 245 | 1 | 0 | |a Con ojos de niño / |c Francesco Tonucci |
| 250 | |a 3a. ed. | ||
| 260 | |a Buenos Aires : |b Red Editorial Iberoamericana (rei), |c 1994 | ||
| 300 | |a 159 p. | ||
| 505 | 0 | |a El nacimiento.- Los primeros días.- Voy a la guardería.- Seré mayor.- La maternal.- El ciclo inicial.- El servicio médico psicopedagógico.- El oficio de maestro.- Entre casa y la escuela.- | |
| 653 | |a Educación | ||
| 859 | |a CEMS |b BIB. CEMS - 11 de abril |h 372.21 |i T616 |p 18563.95 |t Ej.1 | ||
